<?xml version="1.0" encoding="UTF-8"?>
<record
    xmlns:xsi="http://www.w3.org/2001/XMLSchema-instance"
    xsi:schemaLocation="http://www.loc.gov/MARC21/slim http://www.loc.gov/standards/marcxml/schema/MARC21slim.xsd"
    xmlns="http://www.loc.gov/MARC21/slim">

  <leader>02058nam a2200361 a 4500</leader>
  <controlfield tag="001">000021368</controlfield>
  <controlfield tag="005">20240430192052.0</controlfield>
  <controlfield tag="008">100906s2002    sp ab   r     000 | spa d</controlfield>
  <datafield tag="020" ind1=" " ind2=" ">
    <subfield code="a">9709273612</subfield>
  </datafield>
  <datafield tag="040" ind1=" " ind2=" ">
    <subfield code="a">DO-SdBNP</subfield>
    <subfield code="b">spa</subfield>
    <subfield code="c">BNPHU</subfield>
  </datafield>
  <datafield tag="082" ind1=" " ind2=" ">
    <subfield code="a">303.625</subfield>
    <subfield code="b">C961d</subfield>
  </datafield>
  <datafield tag="245" ind1="0" ind2="0">
    <subfield code="a">Cuando el destin0 nos alcance...terrerismo, democracia y seguridad /</subfield>
    <subfield code="c">coordinaci&#xF3;n de Mar&#xED;a Cristina Rosas; Walter Asti&#xE9;-Burgos... [et al.] ; pr&#xF3;logo de Georgina S&#xE1;nchez.</subfield>
  </datafield>
  <datafield tag="260" ind1=" " ind2=" ">
    <subfield code="a">M&#xE9;xico :</subfield>
    <subfield code="b">Universidad Nacional Aut&#xF3;noma de M&#xE9;xico;</subfield>
    <subfield code="b">Editorial Quimera;</subfield>
    <subfield code="b">Australian National University,</subfield>
    <subfield code="c">2002.</subfield>
  </datafield>
  <datafield tag="300" ind1=" " ind2=" ">
    <subfield code="a">283 p. ;</subfield>
    <subfield code="c">21 cm.</subfield>
  </datafield>
  <datafield tag="490" ind1="1" ind2=" ">
    <subfield code="a">Relaciones Internacionales</subfield>
  </datafield>
  <datafield tag="505" ind1="0" ind2=" ">
    <subfield code="g">I</subfield>
    <subfield code="t">Terrorismo en siglo xxi /</subfield>
    <subfield code="r">Walter Asti&#xE9;-Burgos</subfield>
    <subfield code="g">II</subfield>
    <subfield code="t">El regreso de la historia /</subfield>
    <subfield code="r">Christian Reus-Smit</subfield>
    <subfield code="g">III</subfield>
    <subfield code="t">Democracia y seguridad /</subfield>
    <subfield code="r">Leornando Curzio Guti&#xE9;rrez</subfield>
    <subfield code="g">IV</subfield>
    <subfield code="t">&#xBF;Es apropiado responder con ataques militares? /</subfield>
    <subfield code="r">Richard Price</subfield>
    <subfield code="g">V</subfield>
    <subfield code="t">Smart borders y seguridad nacional despues del 11 septiembre : &#xBF;tomando "decisiones inteligentes"? /</subfield>
    <subfield code="r">Alejandro D&#xE1;vila Flores</subfield>
    <subfield code="g">VI</subfield>
    <subfield code="t">&#xBF;Cu&#xE1;nto cambi&#xF3; el mundo despu&#xE9;s del 11 septiembre? /</subfield>
    <subfield code="r">Mar&#xED;a Cristina Rosas</subfield>
    <subfield code="g">VII</subfield>
    <subfield code="t">La lucha contra el terrorismo y la respuesta de Australia /</subfield>
    <subfield code="r">Stuart Harris</subfield>
    <subfield code="g">VIII</subfield>
    <subfield code="t">Armas biol&#xF3;gicas : retrospectiva para mirar al futuro /</subfield>
    <subfield code="r">Alfonso Arag&#xF3;n Camarena</subfield>
    <subfield code="g">IX</subfield>
    <subfield code="t">Terrorismo y armas qu&#xED;micas /</subfield>
    <subfield code="r">Benjam&#xED;n Ru&#xED;z Loyola</subfield>
  </datafield>
  <datafield tag="650" ind1=" " ind2="0">
    <subfield code="a">Terrorismo</subfield>
    <subfield code="9">3230</subfield>
  </datafield>
  <datafield tag="650" ind1=" " ind2="4">
    <subfield code="a">Terrorismo</subfield>
    <subfield code="z">Am&#xE9;rica Latina</subfield>
    <subfield code="9">44609</subfield>
  </datafield>
  <datafield tag="650" ind1=" " ind2="4">
    <subfield code="a">Pol&#xED;tica internacional</subfield>
    <subfield code="y">SIGLO XXI</subfield>
    <subfield code="9">44610</subfield>
  </datafield>
  <datafield tag="650" ind1=" " ind2="4">
    <subfield code="a">Terroristas</subfield>
    <subfield code="9">44611</subfield>
  </datafield>
  <datafield tag="700" ind1="1" ind2=" ">
    <subfield code="a">Rosas, Mar&#xED;a Cristina</subfield>
    <subfield code="9">26176</subfield>
  </datafield>
  <datafield tag="700" ind1="1" ind2=" ">
    <subfield code="a">Asti&#xE9;-Burgos, Walter</subfield>
    <subfield code="9">44612</subfield>
  </datafield>
  <datafield tag="700" ind1="1" ind2=" ">
    <subfield code="a">Reus-Smit, Christian</subfield>
    <subfield code="9">44613</subfield>
  </datafield>
  <datafield tag="700" ind1="1" ind2=" ">
    <subfield code="a">Curzio Guti&#xE9;rrez, Leornando</subfield>
    <subfield code="9">44614</subfield>
  </datafield>
  <datafield tag="700" ind1="1" ind2=" ">
    <subfield code="a">Price, Richard</subfield>
    <subfield code="9">44615</subfield>
  </datafield>
  <datafield tag="700" ind1="1" ind2=" ">
    <subfield code="a">D&#xE1;vila Flores, Alejandro</subfield>
    <subfield code="9">44616</subfield>
  </datafield>
  <datafield tag="700" ind1="1" ind2=" ">
    <subfield code="a">Harris, Stuart</subfield>
    <subfield code="9">44617</subfield>
  </datafield>
  <datafield tag="700" ind1="1" ind2=" ">
    <subfield code="a">Arag&#xF3;n Camarena, Alfonso</subfield>
    <subfield code="9">44618</subfield>
  </datafield>
  <datafield tag="700" ind1="1" ind2=" ">
    <subfield code="a">Ru&#xED;z Loyola, Benjam&#xED;n</subfield>
    <subfield code="9">44619</subfield>
  </datafield>
  <datafield tag="700" ind1="1" ind2=" ">
    <subfield code="a">S&#xE1;nchez, Georgina,</subfield>
    <subfield code="e">pr&#xF3;l.</subfield>
    <subfield code="9">44620</subfield>
  </datafield>
  <datafield tag="830" ind1=" " ind2="0">
    <subfield code="a">Relaciones internacionales</subfield>
    <subfield code="9">31425</subfield>
  </datafield>
  <datafield tag="049" ind1=" " ind2=" ">
    <subfield code="a">BNGR</subfield>
  </datafield>
  <datafield tag="952" ind1=" " ind2=" ">
    <subfield code="0">0</subfield>
    <subfield code="1">0</subfield>
    <subfield code="5">4</subfield>
    <subfield code="7">0</subfield>
    <subfield code="8">MO</subfield>
    <subfield code="a">GR</subfield>
    <subfield code="b">GR</subfield>
    <subfield code="c">CT</subfield>
    <subfield code="d">2010-09-06</subfield>
    <subfield code="i">LF1</subfield>
    <subfield code="l">0</subfield>
    <subfield code="o">303.625 C961d</subfield>
    <subfield code="p">21368-10</subfield>
    <subfield code="r">2020-06-25</subfield>
    <subfield code="w">2020-06-25</subfield>
    <subfield code="y">4</subfield>
    <subfield code="Z">Pr&#xE9;stamo en sala</subfield>
  </datafield>
  <datafield tag="999" ind1=" " ind2=" ">
    <subfield code="c">20868</subfield>
    <subfield code="d">20868</subfield>
  </datafield>
</record>
